[Event "Guelph Winter ProAm"]
[Site "Guelph CAN"]
[Date "2010.02.07"]
[Round "3"]
[White "Plotnikov, Igor"]
[Black "Upton, Timothy"]
[Result "1-0"]
[WhiteElo "2362"]
[BlackElo "2202"]
[PlyCount "104"]
[EventDate "2010.02.06"]
[EventType "swiss"]
[EventRounds "5"]
[EventCountry "CAN"]

1. Nf3 d5 2. d4 c6 3. c3 Bf5 4. Bf4 e6 5. Qb3 Qb6 6. e3 Be7 7. Be2 Nd7 8. Nbd2
h6 9. O-O Ngf6 10. h3 O-O 11. Ne5 Nxe5 12. Bxe5 Nd7 13. Bh2 c5 14. Qxb6 axb6
15. Bb5 Rfd8 16. f3 Bg5 17. Kf2 Bh4+ 18. Ke2 Bg6 19. a3 Ra5 20. a4 Raa8 21.
Rac1 Rac8 22. Rfd1 c4 23. g3 Bg5 24. Kf2 Be7 25. Re1 Bd3 26. Ra1 Bf5 27. Kg2
Bg6 28. Bg1 Nb8 29. e4 Bf6 30. Be3 Nc6 31. Bf4 Na5 32. Re2 Bg5 33. Bxg5 hxg5
34. Rae1 dxe4 35. fxe4 Bh5 36. Rf2 g4 37. h4 f6 38. Nf1 Nb3 39. Ne3 e5 40.
Bxc4+ Rxc4 41. Nxc4 exd4 42. Nxb6 d3 43. Nd5 d2 44. Rd1 Bf7 45. c4 Ra8 46. Re2
Rxa4 47. Re3 Bxd5 48. exd5 Ra1 49. Rxa1 Nc1 50. Rd3 Nxd3 51. Rd1 Nxb2 52. Rxd2
Nxc4 1-0

[Event "Guelph Winter ProAm"]
[Site "Guelph CAN"]
[Date "2010.02.06"]
[Round "3"]
[White "Sapre, Ramchandra Bhargava"]
[Black "Calugar, M."]
[Result "1/2-1/2"]
[WhiteElo "2398"]
[BlackElo "2350"]
[PlyCount "154"]
[EventDate "2010.02.06"]
[EventType "swiss"]
[EventRounds "5"]
[EventCountry "CAN"]

1. e4 c5 2. Nf3 Nc6 3. d4 cxd4 4. Nxd4 Nf6 5. Nc3 d6 6. Bg5 e6 7. Qd2 a6 8.
O-O-O Bd7 9. f3 b5 10. Nxc6 Bxc6 11. Ne2 Bb7 12. Nd4 Be7 13. h4 h6 14. Be3 h5
15. Bg5 Qc7 16. Kb1 Qc5 17. Nb3 Qb6 18. Na5 Rd8 19. Nxb7 Qxb7 20. Bd3 Qc7 21.
Rc1 d5 22. e5 Ne4 23. fxe4 dxe4 24. Bxe7 Qxe7 25. Bxb5+ axb5 26. Qe2 Qb7 27.
Rce1 f5 28. exf6 gxf6 29. Rh3 Rd5 30. c4 bxc4 31. Qxe4 Rd1+ 32. Kc2 Qxe4+ 33.
Rxe4 Rd6 34. Rxc4 Kd7 35. Rg3 e5 36. a4 Ra8 37. Ra3 f5 38. g3 e4 39. a5 Re8 40.
Re3 Ke6 41. b4 Red8 42. Rcc3 Ke5 43. Rc5+ Kd4 44. Rcc3 Rd5 45. Kb3 Ke5 46. Ka4
Rd3 47. a6 Kd4 48. Rexd3+ exd3 49. Rc1 d2 50. Rd1 Kc4 51. Ka5 Rd7 52. Ka4 Rd8
53. b5 Kc5 54. a7 Kb6 55. Kb4 Kxa7 56. Kc3 Rg8 57. Rxd2 Rxg3+ 58. Kb4 Rg4+ 59.
Kc5 Rxh4 60. Rd7+ Kb8 61. Kb6 Kc8 62. Rf7 Rf4 63. Rh7 h4 64. Rh8+ Kd7 65. Kb7
Rb4 66. b6 Kd6 67. Rh6+ Ke5 68. Kc6 Ke4 69. b7 h3 70. Rxh3 f4 71. Rh4 Ke3 72.
Rh8 f3 73. Re8+ Kd2 74. Rf8 Ke2 75. Re8+ Kd2 76. b8=Q Rxb8 77. Rxb8 f2 1/2-1/2

[Event "Guelph Winter ProAm U1700"]
[Site "Guelph CAN"]
[Date "2010.02.07"]
[Round "5"]
[White "Gillis, V."]
[Black "Morand, Christophe"]
[Result "1-0"]
[WhiteElo "1692"]
[BlackElo "1634"]
[PlyCount "111"]
[EventDate "2010.02.06"]
[EventType "swiss"]
[EventRounds "5"]
[EventCountry "CAN"]

1. e4 c5 2. Nf3 d6 3. d4 cxd4 4. Qxd4 a6 5. Be3 Nc6 6. Qb6 Qxb6 7. Bxb6 Nf6 8.
Nc3 g6 9. Nd5 Nxd5 10. exd5 Nb4 11. O-O-O Bf5 12. a3 Nxc2 13. Bd3 Bxd3 14. Rxd3
Rc8 15. Kb1 Bh6 16. Nd2 Nxa3+ 17. bxa3 Kd7 18. Rc1 f5 19. Rc2 Bg5 20. Bd4 Rhf8
21. Nc4 Rc7 22. Rdc3 Rc5 23. Bxc5 dxc5 24. Ne5+ Kd6 25. Nf3 Bf6 26. Rxc5 Rb8
27. Rc8 Rxc8 28. Rxc8 Kxd5 29. Rc7 b6 30. a4 Kd6 31. Ra7 a5 32. Kc2 g5 33. Kd3
e5 34. Kc4 g4 35. Ne1 h5 36. Rf7 Ke6 37. Rb7 Bd8 38. Rb8 Kd7 39. Nd3 e4 40. Ne1
Kc7 41. Ra8 h4 42. Ra7+ Kc6 43. Rf7 g3 44. hxg3 hxg3 45. fxg3 Bc7 46. Rxf5 Bxg3
47. Nc2 Kd6 48. Kd4 Bh2 49. Kxe4 Bg1 50. g4 Bc5 51. Nd4 Ke7 52. Nb3 Bb4 53. Rb5
Kd7 54. Rxb6 Kc7 55. Rxb4 axb4 56. g5 1-0

[Event "Hamilton Summer op"]
[Site "Hamilton CAN"]
[Date "2010.08.21"]
[Round "1"]
[White "Bailey, Doug"]
[Black "Finlay, Ian"]
[Result "1-0"]
[WhiteElo "2342"]
[BlackElo "1937"]
[PlyCount "58"]
[EventDate "2010.08.21"]
[EventType "swiss"]
[EventRounds "5"]
[EventCountry "CAN"]

1. e4 e5 2. Nf3 Nc6 3. Bb5 a6 4. Ba4 Nf6 5. O-O Nxe4 6. d4 b5 7. d5 Na5 8. Qe1
bxa4 9. Qxa5 Bc5 10. Qxa4 f5 11. b4 Ba7 12. Bb2 O-O 13. Bxe5 d6 14. Bb2 Bd7 15.
Qb3 Qe8 16. Nbd2 Qg6 17. Qd3 Qg4 18. Rae1 Nxd2 19. Nxd2 Qxb4 20. Bc3 Qg4 21.
Re7 Bb5 22. Qf3 Qxf3 23. Rxg7+ Kh8 24. Nxf3 h6 25. Rxc7+ Kg8 26. Rg7+ Kh8 27.
Rxa7+ Kg8 28. Rg7+ Kh8 29. Nh4 Be8 1-0

[Event "Hamilton Summer op"]
[Site "Hamilton CAN"]
[Date "2010.08.21"]
[Round "1"]
[White "Cormier, Adam"]
[Black "Yuan, Yuanling"]
[Result "0-1"]
[WhiteElo "1959"]
[BlackElo "2362"]
[PlyCount "64"]
[EventDate "2010.08.21"]
[EventType "swiss"]
[EventRounds "5"]
[EventCountry "CAN"]

1. e4 c5 2. Nf3 d6 3. d4 cxd4 4. Nxd4 Nf6 5. Nc3 g6 6. Be3 Bg7 7. f3 a6 8. Qd2
Nbd7 9. h4 h5 10. Bg5 Qc7 11. Be2 b5 12. a4 bxa4 13. Rxa4 Nb6 14. Ra1 Bb7 15.
Na4 Nxa4 16. Rxa4 d5 17. exd5 Nxd5 18. c3 Qg3+ 19. Kf1 Qd6 20. Bd3 O-O 21. Be4
Rad8 22. Qe2 Rd7 23. Bxd5 Qxd5 24. Kf2 e5 25. Nc2 Qc6 26. Ra2 f5 27. Nb4 Qb6+
28. Be3 Qe6 29. Rd1 f4 30. Bd2 Rfd8 31. Raa1 a5 32. Nc2 Ba6 0-1

[Event "Hamilton Summer op"]
[Site "Hamilton CAN"]
[Date "2010.08.21"]
[Round "1"]
[White "Deline, Ralph"]
[Black "Demmery, Steve"]
[Result "0-1"]
[WhiteElo "1936"]
[BlackElo "2242"]
[PlyCount "78"]
[EventDate "2010.08.21"]
[EventType "swiss"]
[EventRounds "5"]
[EventCountry "CAN"]

1. e4 d6 2. d4 Nf6 3. Nc3 c6 4. Be2 a6 5. Nf3 Bg4 6. O-O e6 7. Be3 Be7 8. Nd2
Bxe2 9. Qxe2 d5 10. e5 Nfd7 11. Qg4 g6 12. Nf3 c5 13. dxc5 Nc6 14. Qg3 Nxc5 15.
Rad1 Qc7 16. Bxc5 Bxc5 17. a3 Ne7 18. Qf4 b5 19. Ng5 Nf5 20. Ne2 h6 21. Nf3 g5
22. Qg4 Be7 23. Qh5 Ng7 24. Qg4 h5 25. Qd4 Qxc2 26. Rd2 Qc4 27. Rc1 Qxd4 28.
Nfxd4 Kd7 29. Rdc2 Rac8 30. Nc6 Nf5 31. h3 g4 32. Nxe7 Rxc2 33. Rxc2 Nxe7 34.
hxg4 hxg4 35. f4 gxf3 36. gxf3 Ng6 37. f4 Rh4 38. Kf2 Nxf4 39. Kg3 Ng6 0-1

[Event "Hamilton Summer op"]
[Site "Hamilton CAN"]
[Date "2010.08.21"]
[Round "1"]
[White "Drkulec, Vladimir"]
[Black "Liu, Steven"]
[Result "1-0"]
[WhiteElo "2134"]
[BlackElo "1876"]
[PlyCount "125"]
[EventDate "2010.08.21"]
[EventType "swiss"]
[EventRounds "5"]
[EventCountry "CAN"]

1. d4 Nf6 2. c4 e6 3. g3 d5 4. Nf3 dxc4 5. Bg2 c5 6. O-O Nc6 7. Qa4 Bd7 8. Qxc4
cxd4 9. Nxd4 Rc8 10. Nc3 Nxd4 11. Qxd4 Bc5 12. Qh4 Bc6 13. Rd1 Qb6 14. Bxc6+
Qxc6 15. Bg5 Nd7 16. Rac1 O-O 17. Ne4 h6 18. Be3 Qb5 19. Rxd7 Qxd7 20. Nxc5 Qd5
21. Qa4 b6 22. Nd3 Rxc1+ 23. Nxc1 Rc8 24. Nd3 b5 25. Qb3 Qxb3 26. axb3 a5 27.
Kf1 Kf8 28. Bb6 a4 29. Bc5+ Ke8 30. bxa4 bxa4 31. Bd4 f6 32. f4 Rc4 33. Bc5 e5
34. Ba3 e4 35. Nc5 f5 36. Kf2 g5 37. fxg5 hxg5 38. h4 gxh4 39. gxh4 Kf7 40. Ke3
Kg6 41. Kf4 Rc2 42. h5+ Kxh5 43. Kxf5 Rxe2 44. Nxe4 Rc2 45. Nc3 Rxb2 46. Bxb2
a3 47. Bxa3 Kh4 48. Kf4 Kh5 49. Nd5 Kg6 50. Nc7 Kf6 51. Bd6 Kg6 52. Be7 Kf7 53.
Bg5 Kg6 54. Kg4 Kg7 55. Kf5 Kf7 56. Bf6 Kf8 57. Kg6 Kg8 58. Be7 Kh8 59. Ne6 Kg8
60. Ng5 Kh8 61. Nf7+ Kg8 62. Nh6+ Kh8 63. Bf6# 1-0

[Event "Hamilton Summer op"]
[Site "Hamilton CAN"]
[Date "2010.08.21"]
[Round "1"]
[White "Humphreys, Michael"]
[Black "Singh, Raymond"]
[Result "1/2-1/2"]
[WhiteElo "2214"]
[BlackElo "1924"]
[PlyCount "78"]
[EventDate "2010.08.21"]
[EventType "swiss"]
[EventRounds "5"]
[EventCountry "CAN"]

1. Nf3 d5 2. g3 Nf6 3. Bg2 e6 4. O-O Bd6 5. d3 c5 6. Nbd2 Nc6 7. e4 O-O 8. Re1
Qc7 9. c3 dxe4 10. dxe4 e5 11. Qc2 Qe7 12. Nf1 h6 13. Ne3 Be6 14. Nh4 Rfd8 15.
Nhf5 Qf8 16. Qe2 Ne7 17. Nxe7+ Qxe7 18. c4 Rab8 19. Nd5 Bxd5 20. cxd5 b5 21. a4
b4 22. f4 a5 23. f5 Bc7 24. h3 Bb6 25. Be3 Qa7 26. Kh1 Rbc8 27. b3 Ne8 28. Rac1
f6 29. Qg4 c4 30. Bxb6 Qxb6 31. bxc4 Nd6 32. Qe2 Rc5 33. Bf1 Rdc8 34. Qf2 Qc7
35. Rc2 Qd7 36. Ra2 Qb7 37. Bd3 b3 38. Rb2 Qb4 39. Ra1 Nxc4 1/2-1/2

[Event "Hamilton Summer op"]
[Site "Hamilton CAN"]
[Date "2010.08.21"]
[Round "1"]
[White "McGlynn, Danny"]
[Black "Whissell, Mavros"]
[Result "0-1"]
[WhiteElo "1896"]
[BlackElo "2143"]
[PlyCount "44"]
[EventDate "2010.08.21"]
[EventType "swiss"]
[EventRounds "5"]
[EventCountry "CAN"]

1. e4 e5 2. f4 exf4 3. Bc4 Nf6 4. Nc3 c6 5. d4 d5 6. exd5 cxd5 7. Bb5+ Bd7 8.
Qe2+ Be7 9. Bxf4 O-O 10. O-O-O Re8 11. Qd3 a6 12. Bxd7 Nbxd7 13. Qf3 Qa5 14.
Kb1 Rac8 15. Nge2 Nb6 16. Rd3 Nc4 17. Nc1 Qd8 18. g4 Bb4 19. Bg5 Bxc3 20. Bxf6
gxf6 21. bxc3 Qd6 22. Qg3 Qa3 0-1

[Event "Hamilton Summer op"]
[Site "Hamilton CAN"]
[Date "2010.08.21"]
[Round "1"]
[White "Sapozhnikov, Roman"]
[Black "Bizkot, Robert"]
[Result "1/2-1/2"]
[WhiteElo "2408"]
[BlackElo "1965"]
[PlyCount "92"]
[EventDate "2010.08.21"]
[EventType "swiss"]
[EventRounds "5"]
[EventCountry "CAN"]

1. e4 d6 2. d4 Nf6 3. Nc3 g6 4. Be3 Bg7 5. h3 c6 6. Nf3 Qa5 7. Bd3 b5 8. O-O a6
9. Qd2 Qc7 10. Bh6 O-O 11. Ne2 Nbd7 12. Ng3 c5 13. c3 Bb7 14. Rae1 cxd4 15.
cxd4 e5 16. Nh4 Kh8 17. Bxg7+ Kxg7 18. Qg5 exd4 19. Nhf5+ Kh8 20. Nxd4 Qc5 21.
Qe3 Rfe8 22. Nb3 Qxe3 23. Rxe3 d5 24. Na5 dxe4 25. Nxb7 exd3 26. Rxd3 Ne5 27.
Rd6 Kg7 28. b3 a5 29. Rfd1 Ra7 30. Nc5 Rc7 31. Nce4 Nxe4 32. Nxe4 Rc2 33. R6d2
Rxd2 34. Rxd2 a4 35. Nd6 Rb8 36. Rd5 axb3 37. axb3 Kf6 38. Nxb5 Rb6 39. Kf1 Rb7
40. f4 Nd3 41. Rxd3 Rxb5 42. g4 Rb4 43. Rf3 h5 44. Ke2 g5 45. fxg5+ Kxg5 46.
Kd2 hxg4 1/2-1/2

[Event "Hamilton Summer op"]
[Site "Hamilton CAN"]
[Date "2010.08.21"]
[Round "1"]
[White "Ye, Stephen"]
[Black "Wight, Keith"]
[Result "1-0"]
[WhiteElo "1566"]
[BlackElo "2002"]
[PlyCount "65"]
[EventDate "2010.08.21"]
[EventType "swiss"]
[EventRounds "5"]
[EventCountry "CAN"]

1. e4 c5 2. Nf3 d6 3. d4 cxd4 4. Nxd4 Nf6 5. Nc3 a6 6. Bg5 e6 7. f4 Be7 8. Bc4
b5 9. Bb3 b4 10. Bxf6 Bxf6 11. Na4 O-O 12. Qd2 Bb7 13. O-O-O Qc7 14. Rhe1 Nc6
15. Nxc6 Bxc6 16. Qxd6 Qb7 17. Nc5 Qc8 18. Nxe6 Re8 19. Nc7 Bb5 20. Nxe8 Qxe8
21. Qxb4 a5 22. Qd2 a4 23. Bd5 Rb8 24. e5 Be7 25. f5 a3 26. b3 Qc8 27. f6 gxf6
28. Qh6 Qf5 29. e6 Rc8 30. exf7+ Kh8 31. Be4 Qg5+ 32. Qxg5 fxg5 33. Bf5 1-0

[Event "Hamilton Summer op"]
[Site "Hamilton CAN"]
[Date "2010.08.21"]
[Round "1"]
[White "Zhou, Kevin"]
[Black "Wang, Jesse BJ"]
[Result "1-0"]
[WhiteElo "1826"]
[BlackElo "105"]
[PlyCount "37"]
[EventDate "2010.08.21"]
[EventType "swiss"]
[EventRounds "5"]
[EventCountry "CAN"]

1. e4 c5 2. Nf3 d6 3. d4 cxd4 4. Nxd4 Nf6 5. Nc3 a6 6. Be2 e6 7. O-O Nc6 8. a4
Be7 9. Be3 Bd7 10. f4 h5 11. Nb3 e5 12. a5 Bg4 13. Bb6 Qd7 14. h3 Bxe2 15. Qxe2
Rc8 16. Rad1 exf4 17. Nc5 dxc5 18. Rxd7 Kxd7 19. Qd2+ 1-0

[Event "Hamilton Summer op"]
[Site "Hamilton CAN"]
[Date "2010.08.21"]
[Round "2"]
[White "Brammall, Stuart"]
[Black "Sellars, Karl"]
[Result "0-1"]
[WhiteElo "1861"]
[BlackElo "2208"]
[PlyCount "44"]
[EventDate "2010.08.21"]
[EventType "swiss"]
[EventRounds "5"]
[EventCountry "CAN"]

1. e4 e6 2. d3 d5 3. Nd2 Nf6 4. Ngf3 Nc6 5. c3 e5 6. Be2 a5 7. O-O Be7 8. Re1
dxe4 9. dxe4 O-O 10. Bb5 Nd7 11. Nc4 Bf6 12. Be3 Ncb8 13. Ba4 b6 14. Qd5 Ra7
15. Rad1 Qe7 16. Bc1 Nc5 17. Bc2 Be6 18. Ncxe5 Bxd5 19. exd5 Bxe5 20. Rxe5 Qd8
21. Rde1 c6 22. R1e3 cxd5 0-1

[Event "Hamilton Summer op"]
[Site "Hamilton CAN"]
[Date "2010.08.21"]
[Round "2"]
[White "Demmery, Steve"]
[Black "Zhou, Kevin"]
[Result "1-0"]
[WhiteElo "2242"]
[BlackElo "1827"]
[PlyCount "51"]
[EventDate "2010.08.21"]
[EventType "swiss"]
[EventRounds "5"]
[EventCountry "CAN"]

1. d4 Nf6 2. c4 g6 3. Nc3 Bg7 4. e4 d6 5. Nge2 O-O 6. Ng3 e5 7. d5 h5 8. Bg5
Qe8 9. Bd3 Nh7 10. Bd2 h4 11. Nge2 f5 12. Qc2 Na6 13. a3 Nc5 14. b4 Nxd3+ 15.
Qxd3 Qf7 16. h3 Nf6 17. f3 Nh5 18. Rc1 Bd7 19. c5 a5 20. O-O axb4 21. axb4 Qe7
22. Ra1 g5 23. Rxa8 Rxa8 24. c6 bxc6 25. dxc6 Bxc6 26. Qc4+ 1-0

[Event "Hamilton Summer op"]
[Site "Hamilton CAN"]
[Date "2010.08.21"]
[Round "2"]
[White "Humphreys, Michael"]
[Black "Bizkot, Robert"]
[Result "1/2-1/2"]
[WhiteElo "1965"]
[BlackElo "2214"]
[PlyCount "92"]
[EventDate "2010.08.21"]
[EventType "swiss"]
[EventRounds "5"]
[EventCountry "CAN"]

1. e4 c5 2. Nc3 g6 3. g3 Bg7 4. Bg2 Nc6 5. d3 d6 6. f4 e5 7. Nh3 Nge7 8. O-O
Nd4 9. Be3 exf4 10. Nxf4 O-O 11. Nfd5 Nxd5 12. Nxd5 Be6 13. Nf4 Bd7 14. c3 Ne6
15. Qd2 Nxf4 16. Rxf4 Qa5 17. a3 Bc6 18. Rh4 Rfd8 19. Rf1 Qc7 20. Bg5 Re8 21.
Bf6 Bxf6 22. Rxf6 Qe7 23. Qf4 Rad8 24. Rxh7 Kxh7 25. Rxf7+ Qxf7 26. Qxf7+ Kh6
27. g4 Rf8 28. Qe7 Rfe8 29. Qh4+ Kg7 30. Qg5 Rd7 31. h4 Re5 32. Qf4 g5 33. Qg3
gxh4 34. Qxh4 Kg6 35. Qh8 Rg5 36. Qg8+ Rg7 37. Qe6+ Kh7 38. Bf3 R5g6 39. Qf5
Bd7 40. Qd5 Bxg4 41. Bxg4 Rxg4+ 42. Kf2 Rg2+ 43. Kf3 R7g3+ 44. Kf4 Rg4+ 45. Kf3
R4g3+ 46. Kf4 Rg4+ 1/2-1/2

[Event "Hamilton Summer op"]
[Site "Hamilton CAN"]
[Date "2010.08.21"]
[Round "2"]
[White "Jung, Hans"]
[Black "Friedman, Alexander"]
[Result "1-0"]
[WhiteElo "2266"]
[BlackElo "2065"]
[PlyCount "67"]
[EventDate "2010.08.21"]
[EventType "swiss"]
[EventRounds "5"]
[EventCountry "CAN"]

1. e4 c5 2. Nf3 e6 3. h3 a6 4. c3 Nf6 5. d3 Nc6 6. Be2 Qc7 7. O-O Be7 8. Nbd2
O-O 9. d4 d6 10. Re1 b5 11. a4 Rb8 12. axb5 axb5 13. Bd3 Qb6 14. e5 dxe5 15.
dxe5 Nd5 16. Ne4 Qc7 17. Ng3 c4 18. Bb1 Rd8 19. Qe2 Bf8 20. Bxh7+ Kxh7 21. Ng5+
Kg8 22. Qh5 Bc5 23. Qh7+ Kf8 24. Qh8+ Ke7 25. Qxg7 Rf8 26. Nh7 Ke8 27. Bh6 f5
28. exf6 Qxg7 29. Bxg7 Rf7 30. Ne4 Nxf6 31. Nhxf6+ Kd8 32. Red1+ Kc7 33. Nxc5
Rxg7 34. Ne8+ 1-0

[Event "Hamilton Summer op"]
[Site "Hamilton CAN"]
[Date "2010.08.21"]
[Round "2"]
[White "Liu, Steven"]
[Black "Khayutin, Constantine"]
[Result "0-1"]
[WhiteElo "1876"]
[BlackElo "1968"]
[PlyCount "90"]
[EventDate "2010.08.21"]
[EventType "swiss"]
[EventRounds "5"]
[EventCountry "CAN"]

1. Nf3 d5 2. c4 c6 3. d4 Nf6 4. Bf4 e6 5. c5 b6 6. b4 a5 7. bxa5 bxc5 8. Qa4
Rxa5 9. Qc2 Ba6 10. Bd2 Rb5 11. e3 c4 12. a4 Rb3 13. Bc3 Bb4 14. Nfd2 Bxc3 15.
Nxc3 Rb4 16. Na2 Rb7 17. Rb1 O-O 18. Be2 Rxb1+ 19. Nxb1 Qa5+ 20. Nbc3 c5 21.
dxc5 Ne4 22. O-O Nxc5 23. f4 f5 24. g4 Ne4 25. Nxe4 fxe4 26. f5 exf5 27. gxf5
Qb6 28. Qc3 Nc6 29. Bg4 Qb3 30. Rf2 Qxa4 31. f6 Nd8 32. Nb4 Bb7 33. Rf5 Rxf6
34. Nxd5 Bxd5 35. Rxd5 Nf7 36. Ra5 Qc6 37. Qb4 Nd6 38. Rc5 Qa6 39. Qb8+ Kf7 40.
Qc7+ Kg6 41. h4 Qa1+ 42. Kg2 Qf1+ 43. Kg3 Qf2+ 44. Kh3 Qxe3+ 45. Bf3 Rxf3+ 0-1

[Event "Hamilton Summer op"]
[Site "Hamilton CAN"]
[Date "2010.08.21"]
[Round "2"]
[White "Nicholson, Matthew"]
[Black "Bailey, Doug"]
[Result "1-0"]
[WhiteElo "2052"]
[BlackElo "2342"]
[PlyCount "57"]
[EventDate "2010.08.21"]
[EventType "swiss"]
[EventRounds "5"]
[EventCountry "CAN"]

1. e4 c5 2. Nf3 d6 3. d4 cxd4 4. Nxd4 Nf6 5. Nc3 g6 6. Be3 Bg7 7. f3 O-O 8. Qd2
Nc6 9. O-O-O a5 10. a4 Nb4 11. Bc4 e6 12. Ndb5 d5 13. exd5 exd5 14. Nxd5 Bf5
15. Bb6 Qe8 16. Rhe1 Nfxd5 17. Rxe8 Nxb6 18. Rxf8+ Rxf8 19. Bb3 h5 20. Nd6 Bd7
21. Qg5 Nxa4 22. Qxg6 Be6 23. Bxe6 fxe6 24. Ne8 Na2+ 25. Kb1 N4c3+ 26. Ka1 Rf7
27. Rd8 Kf8 28. Nxg7+ Ke7 29. Re8+ 1-0

[Event "Hamilton Summer op"]
[Site "Hamilton CAN"]
[Date "2010.08.21"]
[Round "2"]
[White "Singh, Raymond"]
[Black "Egorov, Mikhail"]
[Result "0-1"]
[WhiteElo "1929"]
[BlackElo "2213"]
[PlyCount "66"]
[EventDate "2010.08.21"]
[EventType "swiss"]
[EventRounds "5"]
[EventCountry "CAN"]

1. e4 c5 2. Nf3 Nc6 3. Bb5 d6 4. O-O Bd7 5. Re1 Nf6 6. d3 g6 7. c3 a6 8. Bxc6
Bxc6 9. Nbd2 Bg7 10. Nf1 O-O 11. Ng3 h6 12. h3 b5 13. Bd2 a5 14. Qc1 Kh7 15.
Qc2 Rb8 16. a3 Qb6 17. Rac1 Rbc8 18. Be3 Qb7 19. Ra1 b4 20. axb4 axb4 21. c4 b3
22. Qd2 Ra8 23. Reb1 Ra2 24. Ne2 Rfa8 25. Qc1 Nxe4 26. dxe4 Bxe4 27. Nc3 Bxc3
28. Qxc3 Rxa1 29. Rc1 Qb4 30. Kh2 Qxc3 31. Rxc3 Bxf3 32. gxf3 Rb8 33. f4 f5 0-1

[Event "Hamilton Summer op"]
[Site "Hamilton CAN"]
[Date "2010.08.21"]
[Round "2"]
[White "Wang, Jesse BJ"]
[Black "Deline, Ralph"]
[Result "1-0"]
[WhiteElo "2105"]
[BlackElo "1936"]
[PlyCount "39"]
[EventDate "2010.08.21"]
[EventType "swiss"]
[EventRounds "5"]
[EventCountry "CAN"]

1. e4 c5 2. Nc3 Nc6 3. f4 d6 4. Nf3 e6 5. Be2 d5 6. d3 Be7 7. O-O d4 8. Nb1 Nf6
9. Nbd2 b5 10. Ne5 Bb7 11. Ndf3 h6 12. Qe1 Nd7 13. Qg3 Bf6 14. Nxc6 Bxc6 15. e5
Be7 16. Qxg7 Rf8 17. f5 exf5 18. e6 fxe6 19. Nxd4 Nf6 20. Nxc6 1-0

[Event "Hamilton Summer op"]
[Site "Hamilton CAN"]
[Date "2010.08.21"]
[Round "2"]
[White "Whissell, Mavros"]
[Black "Ye, Stephen"]
[Result "1-0"]
[WhiteElo "2143"]
[BlackElo "1560"]
[PlyCount "129"]
[EventDate "2010.08.21"]
[EventType "swiss"]
[EventRounds "5"]
[EventCountry "CAN"]

1. e4 c5 2. Nf3 Nc6 3. d4 cxd4 4. Nxd4 g6 5. c4 Bg7 6. Be3 Nf6 7. Nc3 O-O 8.
Be2 d6 9. O-O Bd7 10. Nc2 Ne5 11. h3 Bc6 12. f4 Ned7 13. Bf3 Nc5 14. Bxc5 dxc5
15. e5 Bxf3 16. Qxf3 Nh5 17. g4 Qd2 18. Rf2 Qxf4 19. Qxf4 Nxf4 20. Rxf4 Bxe5
21. Rf3 Bxc3 22. Rxc3 Rad8 23. Rf1 Rd2 24. Rf2 Rfd8 25. Rcf3 Rxf2 26. Rxf2 e6
27. Kg2 f5 28. gxf5 gxf5 29. Re2 Kf7 30. Ne1 Rd4 31. b3 Kf6 32. Nf3 Re4 33.
Rxe4 fxe4 34. Ng1 Ke5 35. Ne2 Kf5 36. Kf2 Kg5 37. Kg3 e5 38. Nc3 Kf5 39. Nd5
Kg5 40. Ne3 h5 41. Ng2 b6 42. Kf2 Kf6 43. Ke3 Kf5 44. a3 a6 45. a4 a5 46. Ke2
Kf6 47. Kf2 Kg6 48. Kg3 Kf5 49. Ne3+ Kg5 50. h4+ Kg6 51. Nd5 Kf5 52. Ne3+ Ke6
53. Kf2 Kf6 54. Ke2 Ke6 55. Nd5 Kf5 56. Nxb6 Kg4 57. Nd7 Kxh4 58. Nxc5 Kg3 59.
Nxe4+ Kf4 60. Nf2 Kf5 61. Kf3 Ke6 62. Ne4 Ke7 63. c5 Kd7 64. Kg3 Kc6 65. Kh4
1-0

[Event "Hamilton Summer op"]
[Site "Hamilton CAN"]
[Date "2010.08.21"]
[Round "2"]
[White "Wight, Keith"]
[Black "McGlynn, Danny"]
[Result "1-0"]
[WhiteElo "2002"]
[BlackElo "1896"]
[PlyCount "87"]
[EventDate "2010.08.21"]
[EventType "swiss"]
[EventRounds "5"]
[EventCountry "CAN"]

1. e4 c6 2. d4 d5 3. Nc3 dxe4 4. Nxe4 Nf6 5. Nxf6+ exf6 6. c3 Bd6 7. Bd3 O-O 8.
Ne2 Re8 9. Qc2 g6 10. h4 Nd7 11. h5 Bf8 12. hxg6 hxg6 13. Bc4 f5 14. Qd3 Bg7
15. Qg3 Nf8 16. Bh6 Ne6 17. O-O-O Kf8 18. Bxg7+ Kxg7 19. Qe5+ f6 20. Qe3 Ng5
21. Qd2 Be6 22. Bxe6 Rxe6 23. Nf4 Re8 24. f3 Qa5 25. Kb1 Rad8 26. Rh4 Re7 27.
Rdh1 Rg8 28. Nh3 Nf7 29. g4 Qb5 30. Nf4 fxg4 31. Rh7+ Kf8 32. fxg4 Qg5 33. Qh2
Qxg4 34. Ka1 Ng5 35. Rxe7 Kxe7 36. Re1+ Kf7 37. Nd3 Qd7 38. Nc5 Qc8 39. Qe2 Re8
40. Qc4+ Kg7 41. Rg1 b6 42. Nb3 Qe6 43. Qf1 Nf3 44. Qxf3 1-0

[Event "Hamilton Summer op"]
[Site "Hamilton CAN"]
[Date "2010.08.21"]
[Round "2"]
[White "Yuan, Yuanling"]
[Black "Kho, Jingle"]
[Result "1-0"]
[WhiteElo "2362"]
[BlackElo "2098"]
[PlyCount "87"]
[EventDate "2010.08.21"]
[EventType "swiss"]
[EventRounds "5"]
[EventCountry "CAN"]

1. e4 Nc6 2. d4 e5 3. d5 Nce7 4. Bd3 Ng6 5. Be3 Bb4+ 6. c3 Ba5 7. Ne2 Nf6 8. h3
O-O 9. Nd2 Nh5 10. Nc4 Bb6 11. Qd2 d6 12. Nxb6 axb6 13. g4 Nh4 14. O-O-O Nf3
15. Qc2 Bxg4 16. hxg4 Rxa2 17. Qb3 Ra1+ 18. Kc2 Rxd1 19. Rxd1 Nf6 20. Ng1 Nh2
21. f3 Nhxg4 22. fxg4 Nxg4 23. Bc1 Qh4 24. Rf1 f6 25. Kb1 Nh2 26. Rd1 g6 27.
Qc2 Qg3 28. Rd2 Ng4 29. Rg2 Qh4 30. Qe2 h5 31. Nf3 Qh3 32. Nh2 f5 33. exf5 gxf5
34. Nxg4 hxg4 35. Rh2 Qf3 36. Qd2 f4 37. Bh7+ Kg7 38. Qc2 Rf6 39. Be4 Qg3 40.
Rh7+ Kf8 41. Qa4 Rf7 42. Qa8+ Ke7 43. Rh8 Kf6 44. Qd8+ 1-0

[Event "Hamilton Summer op"]
[Site "Hamilton CAN"]
[Date "2010.08.21"]
[Round "3"]
[White "Bailey, Doug"]
[Black "Khayutin, Constantine"]
[Result "1-0"]
[WhiteElo "2342"]
[BlackElo "1968"]
[PlyCount "57"]
[EventDate "2010.08.21"]
[EventType "swiss"]
[EventRounds "5"]
[EventCountry "CAN"]

1. e4 c5 2. Nf3 Nc6 3. d4 cxd4 4. Nxd4 Nf6 5. Nc3 e5 6. Ndb5 d6 7. Nd5 Nxd5 8.
exd5 Ne7 9. c4 Ng6 10. c5 Bd7 11. cxd6 Rc8 12. Nc7+ Rxc7 13. dxc7 Qxc7 14. Be2
Bd6 15. O-O O-O 16. Be3 f5 17. Qb3 a6 18. Rac1 Qb8 19. Bc5 Nf4 20. Rfe1 Rc8 21.
Qb6 Bf8 22. Bf1 Nxd5 23. Qb3 Be6 24. Bxf8 Rxf8 25. Bc4 Rd8 26. Red1 Qd6 27.
Bxd5 Bxd5 28. Rxd5 Qxd5 29. Rd1 1-0

[Event "Hamilton Summer op"]
[Site "Hamilton CAN"]
[Date "2010.08.21"]
[Round "3"]
[White "Deline, Ralph"]
[Black "Liu, Steven"]
[Result "0-1"]
[WhiteElo "1937"]
[BlackElo "1876"]
[PlyCount "90"]
[EventDate "2010.08.21"]
[EventType "swiss"]
[EventRounds "5"]
[EventCountry "CAN"]

1. e4 e6 2. d4 d5 3. Nd2 Nf6 4. e5 Nfd7 5. Bd3 c5 6. c3 Nc6 7. Ngf3 cxd4 8.
cxd4 Be7 9. O-O a6 10. Nb3 b5 11. Be3 Na5 12. Nxa5 Qxa5 13. Bg5 Qd8 14. Qd2 h6
15. Bxe7 Qxe7 16. Rac1 Nb6 17. b3 O-O 18. Rc6 Qb7 19. Rfc1 Nc4 20. bxc4 Qxc6
21. cxb5 Qd7 22. Qa5 Qd8 23. b6 Rb8 24. Rc6 Bb7 25. Rc7 Re8 26. Bxa6 Bxa6 27.
Qxa6 Qxc7 28. bxc7 Rb1+ 29. Qf1 Rxf1+ 30. Kxf1 Rc8 31. Ke2 Rxc7 32. Kd3 Ra7 33.
h4 Rxa2 34. Nd2 g6 35. Ke3 Kg7 36. Nf3 Ra3+ 37. Kf4 Rd3 38. Kg4 Kf8 39. Kf4 Ke7
40. g4 Ra3 41. Ne1 Rh3 42. Nf3 Kd7 43. Ke3 Kc6 44. Ke2 Kb5 45. Ke3 Kc4 0-1